Geography Quiz

Random Geography or State Quiz
Score 0/33 Timer 06:00
1 Play Today
% Correct
Yes! (Alaska)
98.6%
Yes! (Texas)
97.6%
No! (Georgia)
97.6%
Just keeping you on your toes… (California)
96.6%
Yes! (North Dakota!)
95.3%
Yes! (Maine)
94.7%
Yes! (Nevada)
94.6%
Yes! (Michigan)
94.5%
Yes! (Louisiana)
94%
Yes! (New Mexico)
93.3%
Yes! (Tennessee)
92.7%
No! (Pennsylvania)
92.4%
Yes! (Idaho)
91.6%
Yes! (Arizona)
91.3%
Yes! (Virginia)
90.7%
No! (South Dakota)
90.7%
Yes! (New Jersey)
90.5%
% Correct
No! (Washington)
89.4%
No! (Kansas)
88.9%
Yes! (Ohio)
88.9%
YES! (Rhode Island)
88.2%
Yes! (Iowa)
87.9%
No! (Wyoming)
87.3%
No! (North Carolina)
87.2%
No! (Missouri)
86.1%
No! (Utah)
83.6%
No! (Kentucky)
83.4%
No! (Wisconsin)
81.6%
No! (Maryland)
80.7%
No! (Connecticut)
77.4%
No! (Indiana)
71.6%
No! (Alabama)
70.1%
No! (New Hampshire)
61.4%
Remove Ads.
Support Sporcle.
Get the best of Sporcle when you Go Orange. This ad-free experience offers more features, more stats, and more fun while also helping to support Sporcle. Thank you for becoming a member.

You're not logged in!

Compare scores with friends on all Sporcle quizzes.
OR
Log In

Show Comments

Extras

Top Quizzes Today


Score Distribution

Your Account Isn't Verified!

In order to create a playlist on Sporcle, you need to verify the email address you used during registration. Go to your Sporcle Settings to finish the process.

Report this User

Report this user for behavior that violates our Community Guidelines.

Details: